02689nam a2200265 a 450000100100000000500170001000800410002704000250006808200240009324501190011726000320023630000170026850000490028550507040033450508610103865000430189965000350194270000290197770000390200691000370204595201080208295201080219095201080229899900170240600002582320200930024057.0800131s1968 sp 000 f spa d aDO-SdBNPbspacBNPHU a808.831bA634m,196800aAntología de las mejores novelas policíacas /cselección de Antonino González Morales y José A. Llorens. aBarcelona :bAcervo,c1968. av. ;c21 cm. aLa biblioteca posee los volumenes 10, 11, 120 gv.10aUna ilusión en rojo y blanco /rStephens CranetLa mujer leopardo /rDorothy L. SayerstSi esto es locura /rLawrence BlocktSospechoso número uno /rRichard DemingtJusticia rústica /rJohn FaulknertProfesión : asesino a sueldo /rJosé Ma. ArocatEl joyero chino /rJosé Ma. ArocatTrampa mortal /rFredric BrowntEl cumpleños de Granny /rFredric BrowntNadie al teléfono /rRobert ArthurtAsesinato en el muelle /rBudd SchulbergtLa muerte por unas manos invisibles /rJohn Dickson CarrtCulpable inocente /rAmadeo Ferrés MarsaltEl hombre en la mesa /rC. B. GilfordtUna historia de fantasmas /rHenry KanetLa llamada /rPaul SartoristLucha leal /rCornell Woolrich0 gv. 12tEl perro y el caballo /rVoltairetD'artagna detective: el duelo /rAlejandro DumastEl hombre del alfanje /rAlejandro DumastEl notario de Perigueux /rHenry W. LongfellowtLa carta robada /rEdgar Allan PoetEl toque de clarín /rO'HenrytJimmy Valentine /rO'HenrytEl robo del elefante blanco /rMark TwaintEl maestro del misterio /rJack LondontBoomerang /rAndré-Paul DuchateautLa esposa del jugador de póquer /rCornell WoolrichtDoble enigma /rInglis CartertHumo en el corazón /rAntonino González MoralestBonifacio el tímido /rLuis ArrizabalagatEl último testigo /rLuis ArrizabalagatEl amigo Charbonier /rFrancisco Cortés RubiotUn muerto en la carretera /rJoaquín Ruiz CatarineutEra una presencia muerta /rNoel ClarasótVíctima seis /rPedro Sangro GselltRapto de la niña Gálvez /rLeón -Ignacio 4aNovela policíacaxColecciones950055 4aLiteraturaxColecciones94025312aLlorens, José A.9419412aGonzález Morales, Antonio952651 aValidado. Control de calidad MFF 001050718MOaGRbGRcHDd2011-02-22iLF1l0ov.10p25823-10r2020-06-25w2020-06-25y1ZNo se presta 001050718MOaGRbGRcHDd2013-07-31iLF1l0ov.11p25823-20r2020-06-25w2020-06-25y1ZNo se presta 001050718MOaGRbGRcHDd2013-07-31iLF1l0ov.12p25823-30r2020-06-25w2020-06-25y1ZNo se presta c25315d25315